000 00291nam a22001217a 4500
008 180803b xxu||||| |||| 00| 0 eng d
082 _a813.52
245 _aInteractive Atlas of Human Anatomy
_cNetter,F.H
260 _c1997
300 _a1
_fCD
440 _x9780914168836
942 _2ddc
_cMX
999 _c46780
_d46780